000 01195cam a2200373 4500
999 _c23378
_d23378
001 vtls012003296
005 20221006111330.0
008 201113s2020 xo gr 000 f slo
020 _a9788022211284
_q(viazané)
040 _aTVZK
_bslo
_dTVZK
_dSNK
_erda
_csk
041 _aslo
044 _axo
_cSK
072 7 _a821.162.4-3
_xSlovenská próza
_2konspekt
080 _a(0:82-311.6)
_22011
080 _a(0:82-312.5)
_22011
080 _a821.162.4-31
_22011
100 1 _aŠulajová, Zuzka,
_d1985-
_4aut
_91781
245 1 0 _aOheň v srdciach
_cZuzka Šulajová
250 _aVydanie I.
264 1 _aBratislava
_bTatran
_c2020
300 _a658 strán
_c22 cm
336 _atext
_btxt
_2rdacontent
337 _abez média
_bn
_2rdamedia
338 _azväzok
_bnc
_2rdacarrier
490 1 _aSlovenská tvorba
_v139. zväzok
655 7 _ahistorické romány
_2SNKPH
_91688
655 7 _aľúbostné romány
_2SNKPH
_913
655 7 _aHistorical novels
_2SNKPHeng
_91689
655 7 _aLove novels
_2SNKPHeng
_91667
655 7 _aSlovak fiction
_2SNKPHeng
_91695
655 7 _aslovenské romány
_2SNKPH
_91694
958 _aLX